Statistics for Hardest General Knowledge Quiz

Click here to take the quiz!

General Stats

  • This quiz has been taken 42 times
    (16 since last reset)
  • The average score is 3 of 10

Answer Stats

QuestionAnswer% Correct
Without using a calculator, what is 30% of 546?163.8
69%
What year did Vincent Van Gogh die?1890
54%
Name the longest river in the UK:Severn
54%
What is the capital of St Lucia?Castries
46%
In terms of volume, which is the largest fresh lake in the world?Lake Baikal
38%
What is Joe Bidens' middle name?Robinette
23%
In Harry Potter, where does Vernon Dursley work?Grunnings
8%
What's the name of the Coco Pops mascot?Coco the Monkey
0%
Who won the booker prize in 2019?Margaret Atwood and Bernardine Evaristo
0%
What was Ariana Grande's first UK number one single?'Problem'
0%

Score Distribution

Percentile by Number Answered

Percent of People with Each Score

Your Score History

You have not taken this quiz since the last reset